000 00965nam a2200313 a 4500
001 000017197
003 DO-SdBPM
005 20260601133730.0
007 ta
008 100319s2009 dr 000 f spa d
020 _a9789993442912
040 _aDO-SdBPM
_bspa
_cBPMSU
_drda
049 _a
082 0 4 _aRD861.44
_bS161c 2009
_222
100 1 _aSalcedo, Carlos
_eautor
_4aut.
245 1 0 _aCircunstancia ininterrumpida /
_cCarlos Salcedo.
264 _aSanto Domingo :
_bEdiciones Rumbo Norte,
_c2009.
300 _a54 páginas ;
_c23 cm.
336 _atexto
_btxt
_2rdacontent
337 _asin mediación
_bn
_2rdamedia
338 _avolumen
_bnc
_2rdacarrier
500 _aIncluye datos biográficos del autor en la solapa de la cubierta
590 _aInventariado, 2026/VM
650 7 _aPoesía dominicana
650 7 _aLiteratura dominicana.
650 z _aDominican literature
910 _aVMateo V. Control de calidad. BPMSU
942 _2ddc
_cBK
999 _c15891
_d15891